|
|
|
|
| LEADER |
00000nab a2200000 a 4500 |
| 001 |
vtls008938108 |
| 003 |
SK-MaSNL |
| 005 |
20260304140013.0 |
| 008 |
250505c2006 xo mr|p|||||||000 b|slo |
| 015 |
|
|
|a SNKBUCL2007/01
|2 snkbucl
|
| 035 |
|
|
|a (sysno)vtls008938108
|
| 035 |
|
|
|a urn:nbn:sk:snk-ab764v
|
| 035 |
|
|
|a (uuid)29f890c9-8a2c-4a44-973d-490df87d72f9
|
| 035 |
|
|
|a (urnnbn)urn:nbn:sk:snk:ar-a071bh
|
| 038 |
|
|
|a SNKBUCL
|
| 040 |
|
|
|a SNKBUCL
|b slo
|c SNKBUCL
|e AACR2
|
| 041 |
0 |
|
|a slo
|
| 044 |
|
|
|a xo
|c SK
|
| 080 |
|
|
|a 314-051
|2 1997
|
| 080 |
|
|
|a 929 Srb, Vladimír
|2 1997
|
| 100 |
1 |
|
|a Vaňo, Boris
|c (demograf)
|4 aut
|9 180286
|
| 245 |
1 |
0 |
|a Za Vladimírom Srbom
|c Boris Vaňo
|
| 600 |
1 |
7 |
|a Srb, Vladimír,
|d 1917-2006
|2 snkbucl
|9 174511
|
| 650 |
0 |
7 |
|a nekrológy
|2 snkbucl
|9 28957
|
| 773 |
0 |
|
|t Slovenská štatistika a demografia
|g Roč. 16, č. 2 (2006), s. 114-115
|
| 850 |
|
|
|a Slovenská národná knižnica
|
| 852 |
|
|
|a Slovenská národná knižnica
|
| 954 |
|
|
|a odborná, vedecká literatúra pôvodná (slovenská)
|2 lita
|
| 958 |
|
|
|a article27
|
| 958 |
|
|
|a BC
|
| 958 |
|
|
|a OND
|
| 958 |
|
|
|a EUIPO
|
| 999 |
|
|
|c 2913113
|d 2915043
|